The Law of Bail in Canada / (Record no. 549)

MARC details
000 -LEADER
fixed length control field 00540nam a22001817a 4500
005 - DATE AND TIME OF INPUT
control field 20231113092256.0
008 - DATA ELEMENTS--GENERAL INFORMATION
fixed length control field 231113b |||||||| |||| 00| 0 eng d
020 ## - INTERNATIONAL STANDARD BOOK NUMBER
International Standard Book Number 0459551442
041 ## - LANGUAGE CODE
Language code of text English
082 ## - SHELF NUMBER
DDC number 345.7 TRO
100 ## - MAIN AUTHOR
Main author's name Trotter, GT
Language of a work English
245 ## - TITLE STATEMENT
Title The Law of Bail in Canada /
Statement of responsibility, etc. GT Trotter
250 ## - EDITION STATEMENT
Edition statement First Edition
260 ## - PUBLICATION, DISTRIBUTION, ETC.
Place of publication, distribution, etc. Canada :
Name of publisher, distributor, etc. Thomas Professional Publishing,
Date of publication, distribution, etc. 1992
300 ## - PHYSICAL DESCRIPTION
Other physical details xlvi, 414 pages ;
Dimensions 24,3 cm.
650 ## - SUBJECT`
Broad subject Legal practice
Own subject terms Law
942 ## - ADDED ENTRY ELEMENTS (KOHA)
Item type Books
942 ## - ADDED ENTRY ELEMENTS (KOHA)
-- ALISON_BN_VRIES
Holdings
Source of classification or shelving scheme Not for loan Collection code Home library Current library Shelving location Date acquired Full call number Barcode Price effective from Koha item type
Dewey Decimal Classification   TEXT BOOKS LAW SOCIETY OF NAMIBIA LIBRARY - WINDHOEK LAW SOCIETY OF NAMIBIA LIBRARY - WINDHOEK Criminal law and procedures 11/13/2023 345.7 TRO LSN/1998/29 11/13/2023 Books